| 000 | 00665nam a22002297a 4500 | ||
|---|---|---|---|
| 003 | OSt | ||
| 005 | 20150923233244.0 | ||
| 008 | 150923b xxu||||| |||| 00| 0 eng d | ||
| 020 | _a9780495389590 | ||
| 040 | _cDDC | ||
| 082 | _a519.2 MEN 2009 | ||
| 100 |
_aMendehall, William _95762 |
||
| 245 | _aIntroduction to probability and statistics | ||
| 250 | _a13th ed. | ||
| 260 |
_aAustralia; _bBrooks/ Cole, _c2009 |
||
| 300 |
_axxi,746p; _bcol.ill: _c25.5cm |
||
| 504 | _aReferences, answers, credit & index included | ||
| 650 |
_aProbability _91273 |
||
| 650 |
_aStatistics _91274 |
||
| 700 |
_aBeaver, Robert J. ; Beaver, Barbara M. _95763 |
||
| 942 |
_2z _cO_SHELF |
||
| 999 |
_c2274 _d2274 |
||